| 000 | 00376 a2200121 4500 | ||
|---|---|---|---|
| 000 | nam a22 7a 4500 | ||
| 005 | 20260427105834.0 | ||
| 020 | _a9780231210652 | ||
| 100 |
_aEdward E. Curtis IV _91235730 |
||
| 245 | _aAcross the Worlds of Islam: Muslim Identities, Beliefs, and Practices from Asia to America | ||
| 260 |
_bColumbia University Press _c2023 |
||
| 942 | _cTEXL | ||
| 999 |
_c1848553 _d1848553 |
||